000 00737nam a2200253 a 4500
005 20140310183453.0
008 090723s19uu xx 00 eng d
020 _a9789712719622
020 _a9789712719868
050 _aHF 5387.5.P6
_b.M39 2007
100 _aMaximiano, Jose Mario B.
245 _aBusiness ethics and corporate social responsibility /
_cJose Mario B. Maximiano
260 _aPasig City, Philippines :
_bAnvil Publishing,
_c2007.
300 _a232 p. :
_c22 cm.
521 _aBSBA
650 _aSocial responsibility.
650 _aBusiness ethics.
650 _aCorporate social responsibility.
942 _cBK
_2lcc
_kLOC
999 _c23502
_d23502